Europa 1918-1945
Αποθηκεύτηκε σε:
| Άλλοι συγγραφείς: | |
|---|---|
| Μορφή: | Βιβλίο |
| Γλώσσα: | German |
| Δημοσίευση: |
Frankfurt :
Fischer Taschenbuch,
1967
|
| Σειρά: | Fischer Weltgeschichte ;
; 34 |
| Θέματα: | |
| Ετικέτες: |
Προσθήκη ετικέτας
Δεν υπάρχουν, Καταχωρήστε ετικέτα πρώτοι!
|
MARC
| LEADER | 00000cam a2200000 i 4500 | ||
|---|---|---|---|
| 001 | 1/83460 | ||
| 008 | 980304s1967 ger d | ||
| 020 | |a 3-596-60034-0 | ||
| 035 | |a 1997 |b 3 |c Αγορά/Φιοραβάντες |l 10034200 | ||
| 040 | |a GR-MY-UA |b gre |e aacr | ||
| 041 | 0 | |a ger | |
| 082 | 0 | |a 940.5 | |
| 245 | 1 | 0 | |a Europa 1918-1945 / |c Herausgegeben und verfasst von R.A.C. Parker |
| 260 | |a Frankfurt : |b Fischer Taschenbuch, |c 1967 | ||
| 300 | |a 379 p. | ||
| 490 | 1 | |a Fischer Weltgeschichte. Das Zwanzigste Jahrhundert 1 |v ; 34 | |
| 651 | 0 | |a Europe |x History |y 20th century. | |
| 700 | 1 | |a Parker, Robert Alexander Clarke, |d 1927-2001. | |
| 830 | 0 | |a Fischer Weltgeschichte ; |v ; 34 | |
| 852 | |a INST |b RHODES |e 19980304 |h 940.5 EUR |p 005400011066 |q 005400011066 |t BK |y 0 | ||
| 901 | |a BIBL-1998-1 | ||
| 909 | |a Ρ |b 052351 |c 1997 | ||